|
|
|
|
| LEADER |
00000nam0a2200000 4500 |
| 001 |
263341 |
| 005 |
20231101233729.0 |
| 035 |
|
|
|a (RuTPU)RU\TPU\book\286326
|
| 090 |
|
|
|a 263341
|
| 100 |
|
|
|a 20140607d1987 k y0rusy50 ca
|
| 101 |
0 |
|
|a rus
|
| 102 |
|
|
|a RU
|
| 105 |
|
|
|a a z 001zy
|
| 200 |
1 |
|
|a Вопросы волновых движений жидкости
|e сборник научных трудов
|f Кубанский государственный университет ; под ред. И. И. Воровича
|
| 210 |
|
|
|a Краснодар
|c Изд-во КГУ
|d 1987
|
| 215 |
|
|
|a 120 с.
|c ил.
|
| 320 |
|
|
|a Библиогр. в конце ст.
|
| 606 |
1 |
|
|a Гидродинамика
|2 stltpush
|3 (RuTPU)RU\TPU\subj\6651
|9 34481
|
| 610 |
1 |
|
|a волновые движения
|
| 610 |
1 |
|
|a жидкости
|
| 610 |
1 |
|
|a волновые поля
|
| 610 |
1 |
|
|a гидродинамические задачи
|
| 610 |
1 |
|
|a расчеты
|
| 675 |
|
|
|a 532.5
|v 3
|
| 702 |
|
1 |
|a Ворович
|b И. И.
|4 340
|
| 712 |
0 |
2 |
|a Кубанский государственный университет
|2 stltpush
|3 (RuTPU)RU\TPU\col\5347
|9 24088
|
| 801 |
|
1 |
|a RU
|b 63413507
|c 20140607
|
| 801 |
|
2 |
|a RU
|b 63413507
|c 20150228
|g RCR
|
| 942 |
|
|
|c BK
|